000 00460nam a2200181Ia 4500
008 240925s9999 xx 000 0 und d
020 _a9788174461892
082 _a658.00954 RAM
100 _aRamachandran, K S.
245 0 _aManagerial Challenges of Reform.
250 _aNA
260 _aNew Delhi:
_bExcel Books
_c,1999.
300 _a697p.
_bN.A
_fOriginal
500 _aIncludes Index
600 _aManagement
650 _aManagement
942 _cBK
999 _c17884
_d17884